000 01199nam a22003617a 4500
003 CHAP
005 20220817041528.0
008 971013s1972 r 00010 d
010 _a17153
011 _a18125
035 _a22209
040 _cCHAP
082 _a631.4
_bJ5
100 0 0 _aJiménez López, Jorge.
_961575
245 _aestudio agrológico especial de salinidad y drenaje agrícola de la planicie costera de Tecomán, Col.
260 _aMéxico, D.F., :
_bDirección de Agrología,
_c1972
300 _a69 p
490 _aSerie estudios. Publicación
_v; 4
590 _aBATCH-UPD
_b10
_c20130110
_lUCH01
_h1818
590 _aBATCH-UPD
_b10
_c20130410
_lUCH01
_h1152
590 _aBATCH-UPD
_b10
_c20130914
_lUCH01
_h1223
590 _aCONVERSION
_b10
_c20130109
_lUCH01
_h1311
650 1 4 _aDrenaje
_xColima.
_934196
650 1 4 _aSalinidad.
_9101733
650 1 4 _aSuelos salinos.
_9110558
650 1 4 _aSuelos
_xColima.
_9110275
700 0 _aCamacho Aldama, Bonifacio.
_917650
700 0 _aHerrera Núñez, Marco Tulio.
_954914
830 0 _aSerie Estudios. Publicación
_v; 4
901 _aBK
942 _cLIBRO
949 _a631.4 J5
_bBC
_cMUT
_d-51998
_eMUT
_h40969
_i22209
_mD
_si
999 _c17153
_d17153